[Event "WchT Seniors 65"]
[Site "Prague"]
[Date "2020.03.12"]
[Round "7.4"]
[White "Lansky, Petr"]
[Black "Sunkova, Marie"]
[Result "1/2-1/2"]
[WhiteElo "1582"]
[BlackElo "1837"]
[PlyCount "31"]
[EventDate "2020.03.06"]
[EventType "team-swiss"]
[EventRounds "7"]
[EventCountry "CZE"]
[SourceTitle "CBM 195 Extra"]
[Source "ChessBase"]
[SourceDate "2020.05.31"]
[SourceVersion "1"]
[SourceVersionDate "2020.05.31"]
[SourceQuality "1"]
[WhiteTeam "Czech Republic 65 XII"]
[BlackTeam "Czech Republic 65 (W)"]
[WhiteTeamCountry "CZE"]
[BlackTeamCountry "CZE"]

1. e4 c5 2. Nc3 e6 3. f4 Nf6 4. Nf3 a6 5. Be2 Nc6 6. 0-0 b5 7. e5 Nd5 8. Nxd5 exd5 9. c3 d6 10. d4 c4 11. Be3 Bf5 12. Bf2 Be7 13. h3 h6 14. g4 Be4 15. Qe1 h5 16. Nh2 1/2-1/2

[Event "Prague Summer op-B 5th"]
[Site "Prague"]
[Date "2018.08.04"]
[Round "2"]
[White "Stokes, Paul C"]
[Black "Lansky, Petr"]
[Result "0-1"]
[WhiteElo "1923"]
[BlackElo "1668"]
[PlyCount "100"]
[EventDate "2018.08.03"]
[EventType "swiss"]
[EventRounds "9"]
[EventCountry "CZE"]
[SourceTitle "CBM 186 Extra"]
[Source "ChessBase"]
[SourceDate "2018.08.24"]
[SourceVersion "1"]
[SourceVersionDate "2018.08.24"]
[SourceQuality "1"]

1. d4 Nf6 2. Nf3 d5 3. c4 e6 4. g3 c6 5. Bg2 dxc4 6. 0-0 Nbd7 7. Qc2 Nd5 8. Qxc4 Be7 9. e4 N5b6 10. Qe2 Nf6 11. Nc3 0-0 12. Rd1 h6 13. Bf4 Nh5 14. Be3 Nf6 15. Rac1 Bb4 16. Ne5 Qc7 17. Nd3 Be7 18. Bf4 Qd8 19. Nc5 Nh7 20. h4 g5 21. hxg5 Bxg5 22. Bxg5 Qxg5 23. e5 Nd5 24. N3e4 Qg6 25. Nd6 Rb8 26. Rd3 b6 27. Rb3 Ra8 28. Nce4 Bd7 29. f4 f5 30. Nd2 Kh8 31. Kf2 Rg8 32. Bxd5 cxd5 33. Rbc3 a6 34. a3 Nf8 35. Nf1 Qg7 36. Rc7 Ng6 37. Qe3 Nf8 38. Rb7 b5 39. Rcc7 Qh7 40. Nd2 Rg7 41. Nb3 h5 42. Nc5 h4 43. Nxf5 exf5 44. e6 hxg3+ 45. Ke1 g2 46. Nxd7 g1Q+ 47. Qxg1 Rxg1+ 48. Kd2 Nxe6 49. Nf6 Qh2+ 50. Kc3 Rc1+ 0-1

[Event "Tabor op"]
[Site "Tabor"]
[Date "2013.08.01"]
[Round "6"]
[White "Lansky, Petr"]
[Black "Pribylova, Sofie"]
[Result "0-1"]
[WhiteElo "1813"]
[BlackElo "1437"]
[PlyCount "84"]
[EventDate "2013.07.28"]
[EventType "swiss"]
[EventRounds "9"]
[EventCountry "CZE"]
[SourceTitle "CBM 155 Extra"]
[Source "ChessBase"]
[SourceDate "2013.08.26"]
[SourceVersion "1"]
[SourceVersionDate "2013.08.26"]
[SourceQuality "1"]

1. Nf3 Nf6 2. b3 g6 3. Bb2 Bg7 4. e4 d6 5. Bc4 0-0 6. d3 c6 7. b4 d5 8. exd5 cxd5 9. Bb3 Bg4 10. 0-0 e6 11. h3 Bxf3 12. Qxf3 Nc6 13. a3 b5 14. c4 bxc4 15. dxc4 dxc4 16. Bxc4 Nd5 17. Bxg7 Kxg7 18. Rd1 Ne5 19. Qe2 Nxc4 20. Qxc4 Qf6 21. Nd2 Rac8 22. Qa6 Qe7 23. Ne4 Rc2 24. Qd3 Rc7 25. Nc5 Qg5 26. Re1 Rd8 27. Qf3 Nf4 28. Re4 Nd5 29. Rxe6 Rxc5 30. Rxg6+ hxg6 31. bxc5 Qf6 32. Qd1 Nf4 33. Qe1 Nd3 34. Qf1 Nxc5 35. Rc1 Nd3 36. Rd1 Ne5 37. Rxd8 Qxd8 38. Qa6 Qb6 39. Qe2 Qe6 40. Qe3 a6 41. Qc3 Qf6 42. Qd4 Nf3+ 0-1

[Event "Czechia KP-chTA 0607"]
[Site "Czech Republic"]
[Date "2007.03.18"]
[Round "10.7"]
[White "Vrana, Karel"]
[Black "Lansky, Petr"]
[Result "1-0"]
[WhiteElo "1695"]
[BlackElo "1676"]
[PlyCount "53"]
[EventDate "2006.10.29"]
[EventType "team"]
[EventRounds "11"]
[EventCountry "CZE"]
[SourceTitle "EXT 2008"]
[Source "ChessBase"]
[SourceDate "2007.11.25"]
[SourceVersion "1"]
[SourceVersionDate "2007.11.25"]
[SourceQuality "1"]
[WhiteTeam "Tisice"]
[BlackTeam "Kralupy nad Vltavou"]
[WhiteTeamCountry "CZE"]
[BlackTeamCountry "CZE"]

1. c4 e5 2. Nc3 Nc6 3. g3 f5 4. Bg2 Nf6 5. d3 Bb4 6. a3 Bxc3+ 7. bxc3 0-0 8. e3 Ne7 9. Ne2 d6 10. 0-0 Ng6 11. a4 Rb8 12. Ba3 b6 13. Qb3 Be6 14. Rad1 c5 15. Bc1 Qd7 16. Qc2 d5 17. cxd5 Nxd5 18. e4 Nf6 19. f4 exf4 20. Nxf4 Qf7 21. Nxe6 Rfe8 22. Ng5 Qd7 23. Rxf5 h6 24. Qb3+ Kh8 25. Nf7+ Kh7 26. Nxh6 Ne7 27. Rxf6 1-0

[Event "CZE-chT3A Middle 0506  "]
[Site "Czech Republic"]
[Date "2006.04.02"]
[Round "11.7"]
[White "Lansky, Petr"]
[Black "Divis, Jaroslav"]
[Result "0-1"]
[WhiteElo "1723"]
[BlackElo "1737"]
[PlyCount "50"]
[EventDate "2005.10.30"]
[EventType "team"]
[EventRounds "11"]
[EventCountry "CZE"]
[SourceTitle "EXT 2009"]
[Source "ChessBase"]
[SourceDate "2008.11.26"]
[SourceVersion "1"]
[SourceVersionDate "2008.11.26"]
[SourceQuality "1"]

1. e4 c5 2. Nc3 Nc6 3. f4 e6 4. Nf3 d5 5. Bb5 Nge7 6. 0-0 a6 7. Bxc6+ Nxc6 8. exd5 exd5 9. Re1+ Be7 10. d3 0-0 11. Ne5 Bf6 12. Nxc6 bxc6 13. Ne2 Qb6 14. c3 Rb8 15. Kh1 a5 16. Rb1 Ba6 17. Be3 Rfe8 18. Bg1 Qb5 19. Ng3 Qxd3 20. Rxe8+ Rxe8 21. Bxc5 Qc4 22. Bd6 Qxa2 23. Nh5 Bh4 24. g3 Bd8 25. f5 Be2 0-1

[Event "CZE-chT3A Middle 0506  "]
[Site "Czech Republic"]
[Date "2006.02.19"]
[Round "8.6"]
[White "Parpel, Petr"]
[Black "Lansky, Petr"]
[Result "1-0"]
[WhiteElo "1798"]
[BlackElo "1723"]
[PlyCount "109"]
[EventDate "2005.10.30"]
[EventType "team"]
[EventRounds "11"]
[EventCountry "CZE"]
[SourceTitle "EXT 2009"]
[Source "ChessBase"]
[SourceDate "2008.11.26"]
[SourceVersion "1"]
[SourceVersionDate "2008.11.26"]
[SourceQuality "1"]

1. d4 Nf6 2. c4 e5 3. d5 Bc5 4. e3 d6 5. Nc3 a6 6. Bd3 Qe7 7. Qc2 Bg4 8. h3 Bd7 9. Nf3 Bb4 10. e4 0-0 11. 0-0 Bc5 12. Bg5 h6 13. Bd2 Nh5 14. Ne2 Qf6 15. Kh2 g5 16. Ng3 Nf4 17. Nf5 Bxf5 18. exf5 Nd7 19. Be4 Bb6 20. b4 Rae8 21. g3 Nh5 22. Kg2 Qg7 23. Bc3 Nhf6 24. g4 Nxe4 25. Qxe4 Nf6 26. Qc2 Bd4 27. Bxd4 exd4 28. Qd3 h5 29. gxh5 Nxh5 30. Qxd4 Nf4+ 31. Kh2 f6 32. Rae1 Qh7 33. Ng1 Qxf5 34. Re3 Re5 35. Rxe5 fxe5 36. Qd1 Nd3 37. Qg4 Qf4+ 38. Qxf4 Rxf4 39. Kg3 Rxc4 40. Nf3 Rxb4 41. Rd1 Nf4 42. Rc1 Nxd5 43. Nxg5 Ra4 44. Rc2 c6 45. h4 Nf6 46. Kf3 Nh5 47. Rb2 b5 48. Rc2 d5 49. Rxc6 e4+ 50. Kg4 e3+ 51. Kxh5 e2 52. Kg6 Kf8 53. Rf6+ Kg8 54. Re6 Re4 55. Nxe4 1-0